Assassin Creed Fratellanza

保存先:
書誌詳細
第一著者: Oliver Bowden
フォーマット: 図書
言語:言語不明
出版事項: Sperling & Kupfer
タグ: タグ追加
タグなし, このレコードへの初めてのタグを付けませんか!

MARC

LEADER 00000nam a2200000Ia 4500
001 R-870
003 CODICE-MESSINA
005 20260212102458.0
008 260211s9999 xx 000 0 und d
040 |c importazione_messina 
100 |a Oliver Bowden 
245 0 |a Assassin Creed 
245 0 |b Fratellanza 
260 |b Sperling & Kupfer 
942 |2 ddc  |c BK 
952 |0 0  |1 0  |2 ddc  |4 0  |6 SCAFFALE_8_000000000000000__ROMANZI  |7 0  |9 31697  |a ME  |b ME  |d 2026-02-11  |l 0  |o SCAFFALE 8 - ROMANZI  |p R-870  |r 2026-02-11 23:52:43  |w 2026-02-11  |x [REVISIONARE]  |y BK 
999 |c 27362  |d 27362